| 000 | 00565nam a2200205 a 4500 | ||
|---|---|---|---|
| 005 | 20140414132048.0 | ||
| 008 | 110325s19uu xx 00 eng d | ||
| 050 |
_aDVD _bM28 |
||
| 245 | _aAng mahiwagang Baul. | ||
| 650 | _aAng alamat ng palaka | ||
| 650 | _aAng alamat ng bayabas | ||
| 650 | _aAng alamat ng sampaguita | ||
| 650 | _aAng prinsesa at and Alipin | ||
| 650 | _aAng alamat ng alitaptap | ||
| 650 | _aAng alamat ng tiyanak | ||
| 650 | _aFlying kariton | ||
| 650 | _aAng alamat ng gagamba | ||
| 650 | _aAng alamat ng parol | ||
| 999 |
_c114065 _d114065 |
||